India-Sri Lanka consultation on devolution (Record no. 77)
[ view plain ]
| 000 -LEADER | |
|---|---|
| fixed length control field | 007360000a22002530004500 |
| 003 - CONTROL NUMBER IDENTIFIER | |
| control field | LK-CoMWRAF |
| 008 - FIXED-LENGTH DATA ELEMENTS--GENERAL INFORMATION | |
| fixed length control field | 230817t1995 ||||| |||| 00| 0 eng d |
| 040 ## - CATALOGING SOURCE | |
| Original cataloging agency | LK-CoMWRAF |
| Modifying agency | LK-CoMWRAF |
| Description conventions | LK-CoMWRAF |
| 041 ## - LANGUAGE CODE | |
| Language code of text/sound track or separate title | English |
| 082 ## - DEWEY DECIMAL CLASSIFICATION NUMBER | |
| Classification number | 320.9 |
| Item number | IND |
| 942 ## - ADDED ENTRY ELEMENTS (KOHA) | |
| Koha item type | Conference Proceeding |
| 111 ## - MAIN ENTRY--MEETING NAME | |
| Meeting name or jurisdiction name as entry element | INDIA- SRI LANKA CONSULTATION ON DEVOLUTION |
| Location of meeting | ( Colombo, BMICH |
| Date of meeting | 4th March,1995) |
| 700 ## - ADDED ENTRY--PERSONAL NAME | |
| Personal name | Hedge, Ramakrishna |
| 700 ## - ADDED ENTRY--PERSONAL NAME | |
| Personal name | Mitra, Ashok |
| 700 ## - ADDED ENTRY--PERSONAL NAME | |
| Personal name | Noorani, A.G. |
| 700 ## - ADDED ENTRY--PERSONAL NAME | |
| Personal name | Mukarji, Nirmal |
| 245 ## - TITLE STATEMENT | |
| Title | India-Sri Lanka consultation on devolution |
| 260 ## - PUBLICATION, DISTRIBUTION, ETC. (IMPRINT) | |
| Place of publication, distribution, etc. | Colombo: |
| Name of publisher, distributor, etc. | ICES, |
| Date of publication, distribution, etc. | 1995 |
| 300 ## - PHYSICAL DESCRIPTION | |
| Extent | 49 p. |
| 490 ## - SERIES STATEMENT | |
| Series statement | Monograph |
| Volume/sequential designation | 4 |
| 856 ## - ELECTRONIC LOCATION AND ACCESS | |
| Uniform Resource Identifier | <a href="https://noolaham.net/project/43/4201/4201.pdf">https://noolaham.net/project/43/4201/4201.pdf</a> |
| 650 ## - SUBJECT ADDED ENTRY--TOPICAL TERM | |
| Topical term or geographic name as entry element | DEVOLUTION OF POWER |
| 650 ## - SUBJECT ADDED ENTRY--TOPICAL TERM | |
| Topical term or geographic name as entry element | Fedaralism |
| Withdrawn status | Lost status | Damaged status | Not for loan | Permanent Location | Current Location | Date acquired | Full call number | Barcode | Koha item type |
|---|---|---|---|---|---|---|---|---|---|
| Resource center, Muslim Women's Research And Action Forum | Resource center, Muslim Women's Research And Action Forum | 2023-08-17 | 320.9 IND | RAF3965 | Conference Proceeding |

